| 000 | 00000nam##2200000za#4500 |
| 001 | 9.686124 |
| 003 | CaOODSP |
| 005 | 20210624230408 |
| 007 | cr ||||||||||| |
| 008 | 150407|2001||||xxc|||||o f|0| 0 eng|d |
| 020 | |a0-662-30494-2 |
| 040 | |aCaOODSP|beng |
| 043 | |an-cn--- |
| 086 | 1 |aA42-92/2001E-IN |
| 110 | 1 |aCanada. |bAgriculture and Agri-Food Canada. |bResearch Branch. |
| 245 | 10|aNitrogen management in field vegetables: a guide to efficient fertilization / |h[electronic resource]|cby Nicholas Tremblay et al. Issued by the Horticultural Research and Development Centre. |
| 260 | |aSaint-Jean-sur-Richelieu - Quebec : |bAgriculture and Agri-Food Canada. |c2001. |
| 300 | |a65p. (651 KB)|billus., references |
| 590 | |a01-28|b2001-07-13 |
| 690 | 07|aFertilizers|2gcpds |
| 690 | 07|aSoil|2gcpds |
| 690 | 07|aVegetable crops|2gcpds |
| 720 | 1 |aTremblay, Nicholas |
| 775 | 08|tRégie de l'azote chez les cultures maraîchères: guide pour une fertilisation raisonnée / |w(CaOODSP)9.630641 |
| 856 | 40|ahttp://publications.gc.ca|qPDF|s651 KB|uhttps://publications.gc.ca/collections/Collection/A42-92-2001E.pdf |